A Winter's Ball - All Lyrics - Statistics

General Stats
  • This quiz has been taken 11 times
  • The average score is 98 of 132
Answer Stats
Answer % Correct
A
100%
All
100%
And
100%
Are
100%
Ball
100%
Schuyler
100%
Sisters
100%
The
100%
Winters
100%
Envy
91%
If
91%
Is
91%
Of
91%
On
91%
One
91%
Or
91%
Which
91%
At
82%
In
82%
It
82%
Marry
82%
Question
82%
So
82%
We
82%
Yo
82%
You
82%
Bastard
73%
Be
73%
But
73%
Can
73%
Common
73%
Do
73%
Does
73%
Hamilton
73%
Have
73%
How
73%
Ladies
73%
Not
73%
Orphan
73%
Power
73%
Reliable
73%
Rich
73%
Right
73%
Skill
73%
Son
73%
To
73%
We're
73%
What
73%
With
73%
Burr
64%
Father
64%
Fight
64%
Go
64%
Grow
64%
Hamilton's
64%
Hand
64%
Hey
64%
Him
64%
Hires
64%
Into
64%
More
64%
Phenomenon
64%
Quill
64%
Sight
64%
Still
64%
Undeniable
64%
Wants
64%
Washington
64%
Watch
64%
Whore
64%
Write
64%
You're
64%
After
55%
Arrogant
55%
Deflower
55%
Her
55%
Looks
55%
Loudmouth
55%
Many
55%
Martha
55%
Named
55%
Now
55%
Obnoxious
55%
Proximity
55%
Seated
55%
That’s
55%
There
55%
This
55%
Tomcat
55%
TRUE
55%
Delighted
45%
Distracted
45%
Feral
45%
They
45%
Bother
36%
1790
0%
No matching quizzes found
Score Distribution
Percent of People with Each Score
Percentile by Number Answered
Your Score History
You have not taken this quiz